[Event "Uadjpur Pandiyar Memorial 7th"]
[Site "Uadjpur"]
[Date "2022.10.11"]
[Round "7"]
[White "Akshat, Negi"]
[Black "Basak, Bishal"]
[Result "0-1"]
[WhiteElo "1591"]
[BlackElo "1759"]
[PlyCount "96"]
[EventDate "2022.10.08"]
[EventType "swiss"]
[EventRounds "9"]
[EventCountry "IND"]
[SourceTitle "CBM 210 Extra"]
[Source "ChessBase"]
[SourceDate "2022.11.30"]
[SourceVersion "1"]
[SourceVersionDate "2022.11.30"]
[SourceQuality "1"]

1. e4 c5 2. Nf3 d6 3. Bb5+ Nd7 4. d4 cxd4 5. Qxd4 Ngf6 6. 0-0 e6 7. Rd1 Qc7 8. c4 a6 9. Bxd7+ Bxd7 10. Nc3 Be7 11. b3 Bc6 12. Qd3 0-0 13. Bf4 Rfd8 14. Rac1 Qa5 15. Nd4 Be8 16. Bd2 Qh5 17. f4 b5 18. f5 bxc4 19. bxc4 Ng4 20. h3 Ne5 21. Qf1 Nc6 22. g4 Qh4 23. Be1 Qf6 24. Nde2 Qe5 25. Bg3 Qa5 26. Nf4 Bf6 27. Nce2 e5 28. Nd5 Bg5 29. Rc3 Rdb8 30. f6 g6 31. h4 Bh6 32. g5 Bf8 33. a3 Rb2 34. Be1 Rab8 35. Rdc1 Bd7 36. Qf3 Be6 37. Bf2 Rb1 38. Qd3 Rxc1+ 39. Nxc1 Rb2 40. Rc2 Rxc2 41. Qxc2 Qxa3 42. Nd3 h6 43. Be3 hxg5 44. Bxg5 Bg4 45. Qb1 Be2 46. Ne7+ Kh7 47. Nxc6 Bxd3 48. Qd1 Bxe4 0-1